|
|
|
|
| LEADER |
00000nam2a2200000 4500 |
| 001 |
675678 |
| 005 |
20241018135407.0 |
| 035 |
|
|
|a (RuTPU)RU\TPU\book\313743
|
| 090 |
|
|
|a 675678
|
| 100 |
|
|
|a 20241018d1977 k||y0rusy5003 ca
|
| 101 |
0 |
|
|a rus
|
| 102 |
|
|
|a UA
|
| 105 |
|
|
|a a z 001zy
|
| 181 |
|
0 |
|a i
|b e
|
| 182 |
|
0 |
|a n
|
| 183 |
|
0 |
|a nc
|2 RDAcarrier
|
| 200 |
0 |
|
|a Вып. 47
|f отв. ред. М. А. Лошкарев
|
| 210 |
|
|
|a Харьков
|c Вища школа
|c Изд-во при Харьковском ун-те
|d 1977
|
| 215 |
|
|
|a 145 с.
|
| 283 |
|
|
|a volume
|
| 320 |
|
|
|a Библиография в конце статей
|
| 330 |
|
|
|a Рефераты в конце сборника с. 1-9
|
| 461 |
|
1 |
|0 (RuTPU)RU\TPU\book\110873
|t Вопросы химии и химической технологии
|o республиканский межведомственный научно-технический сборник
|f Днепропетровский химико-технологический институт им. Ф. Э. Дзержинского; отв. ред. М. А. Лошкарев
|v Вып. 47
|d 1965-1991
|
| 606 |
|
|
|a Химия
|2 stltpush
|3 (RuTPU)RU\TPU\subj\17362
|9 43035
|
| 606 |
|
|
|a Химическая технология
|x Общие вопросы
|2 stltpush
|3 (RuTPU)RU\TPU\subj\68259
|9 83693
|
| 610 |
1 |
|
|a органические соединения
|
| 610 |
1 |
|
|a лекарственные вещества
|
| 610 |
1 |
|
|a превращения
|
| 610 |
1 |
|
|a ртуть
|
| 610 |
1 |
|
|a амперметрическое определение
|
| 610 |
1 |
|
|a комплексы
|
| 610 |
1 |
|
|a взаимодействие
|
| 610 |
1 |
|
|a ИК-спектры
|
| 610 |
1 |
|
|a электролиз
|
| 610 |
1 |
|
|a цинкование
|
| 610 |
1 |
|
|a адсорбционные пленки
|
| 610 |
1 |
|
|a полярографические волны
|
| 610 |
1 |
|
|a металлы
|
| 610 |
1 |
|
|a катодное выделение
|
| 610 |
1 |
|
|a электрические разряды
|
| 610 |
1 |
|
|a торможение
|
| 610 |
1 |
|
|a электрокристаллизация
|
| 610 |
1 |
|
|a электрохимическое полирование
|
| 610 |
1 |
|
|a малоуглеродистые стали
|
| 610 |
1 |
|
|a планирование эксперимента
|
| 610 |
1 |
|
|a ПАВ
|
| 610 |
1 |
|
|a анодное растворение
|
| 610 |
1 |
|
|a математическое описание
|
| 610 |
1 |
|
|a армированные пластики
|
| 610 |
1 |
|
|a ароматические полиамиды
|
| 610 |
1 |
|
|a диспергирование
|
| 610 |
1 |
|
|a исследования
|
| 610 |
1 |
|
|a деэмульгатор
|
| 610 |
1 |
|
|a флуорантен
|
| 610 |
1 |
|
|a хлорирование
|
| 610 |
1 |
|
|a асфальтены
|
| 610 |
1 |
|
|a полусульфидные продукты
|
| 610 |
1 |
|
|a силикаты
|
| 610 |
1 |
|
|a температурная устойчивость
|
| 610 |
1 |
|
|a стекла
|
| 610 |
1 |
|
|a отжиг
|
| 610 |
1 |
|
|a грунтовые эмали
|
| 610 |
1 |
|
|a легкоплавкость
|
| 610 |
1 |
|
|a циклонно-пенные аппараты
|
| 610 |
1 |
|
|a дымовые газы
|
| 610 |
1 |
|
|a очистка
|
| 675 |
|
|
|a 54
|v 3
|
| 675 |
|
|
|a 66
|v 3
|
| 702 |
|
|
|4 340
|a Лошкарев
|b М. А.
|
| 801 |
|
0 |
|a RU
|b RuMRKP
|c 20241017
|g psbo
|
| 801 |
|
1 |
|a RU
|b 63413507
|c 20241017
|
| 801 |
|
2 |
|a RU
|b 63413507
|c 20241017
|g RCR
|
| 850 |
|
|
|a 63413507
|
| 942 |
|
|
|c CR
|